[Event "New York ACC"]
[Site "New York"]
[Date "1993.??.??"]
[Round "4"]
[White "Grosar, Kiti"]
[Black "Krant, Roman"]
[Result "1/2-1/2"]
[WhiteElo "2120"]
[BlackElo "2305"]
[PlyCount "145"]
[EventDate "1993.??.??"]
[EventType "tourn"]
[EventRounds "11"]
[EventCountry "USA"]
[EventCategory "3"]
[SourceTitle "EXT 1997"]
[Source "ChessBase"]
[SourceDate "1996.11.15"]
[SourceVersion "1"]
[SourceVersionDate "1996.11.15"]
[SourceQuality "1"]

1. e4 d6 2. d4 Nf6 3. Nc3 g6 4. f4 Bg7 5. Nf3 0-0 6. Bd3 Nc6 7. 0-0 Bg4 8. Be2 e5 9. fxe5 dxe5 10. dxe5 Nd7 11. Bg5 Qc8 12. Nd5 Bxf3 13. Bxf3 Ndxe5 14. Be2 h6 15. Bf6 Bxf6 16. Rxf6 Kg7 17. Qd2 Qd8 18. Qc3 Kg8 19. Raf1 Nd7 20. R6f4 Nce5 21. Nf6+ Nxf6 22. Qxe5 Nd7 23. Qd5 c6 24. Qb3 Qb6+ 25. Qxb6 axb6 26. a3 Ne5 27. Kf2 Rad8 28. Ke3 Rfe8 29. g4 Rd6 30. b3 b5 31. h3 Kg7 32. c4 bxc4 33. Bxc4 f6 34. a4 Ra8 35. Be2 Ra5 36. Rd1 Rxd1 37. Bxd1 Rc5 38. Kd4 Rc1 39. Rf1 Kf7 40. Be2 Rc2 41. Bc4+ Ke7 42. Kc5 Nd7+ 43. Kb4 Rg2 44. Rf3 Ne5 45. Re3 Kd6 46. Be2 Rg1 47. Ka5 Kc7 48. Bc4 Rc1 49. Kb4 b6 50. Re2 Rf1 51. Re3 Rf2 52. Be2 Kd6 53. Kc3 c5 54. Bb5 g5 55. Be8 Rf1 56. Bb5 Rd1 57. Re2 Ng6 58. Rd2+ Rxd2 59. Kxd2 Ke5 60. Ke3 Nf4 61. Bf1 Kd6 62. Kf2 h5 63. Kf3 h4 64. Kf2 Ke5 65. Ke3 Ne6 66. Be2 Kd6 67. Bf1 Nf4 68. Kf3 Ng6 69. Bb5 Nf4 70. Bf1 Ke6 71. Kf2 Ke5 72. Ke3 Ne6 73. Be2 1/2-1/2

[Event "New York ACC"]
[Site "New York"]
[Date "1993.??.??"]
[Round "2"]
[White "Krant, Roman"]
[Black "Moskow, Eric"]
[Result "1/2-1/2"]
[WhiteElo "2305"]
[BlackElo "2235"]
[PlyCount "57"]
[EventDate "1993.??.??"]
[EventType "tourn"]
[EventRounds "11"]
[EventCountry "USA"]
[EventCategory "3"]
[SourceTitle "EXT 1997"]
[Source "ChessBase"]
[SourceDate "1996.11.15"]
[SourceVersion "1"]
[SourceVersionDate "1996.11.15"]
[SourceQuality "1"]

1. g3 Nf6 2. Bg2 d5 3. d3 c6 4. Nd2 Bg4 5. h3 Bh5 6. f4 e6 7. g4 Bg6 8. e4 dxe4 9. dxe4 h5 10. g5 Nfd7 11. h4 Qc7 12. Nb3 Nc5 13. Qe2 Nbd7 14. Nh3 0-0-0 15. 0-0 f5 16. e5 Nxb3 17. axb3 Bc5+ 18. Kh1 Rhe8 19. b4 Bxb4 20. Rxa7 Qb6 21. Ra8+ Kc7 22. Rxd8 Rxd8 23. Nf2 Qb5 24. Qxb5 cxb5 25. Nd3 Be7 26. Be3 Ra8 27. Rd1 Be8 28. Kg1 Ra2 29. Kf1 1/2-1/2

[Event "New York Marshall"]
[Site "New York"]
[Date "1993.??.??"]
[Round "?"]
[White "Somlai, Laszlo"]
[Black "Krant, Roman"]
[Result "1/2-1/2"]
[WhiteElo "2385"]
[BlackElo "2305"]
[PlyCount "110"]
[EventDate "1993.??.??"]
[EventType "tourn"]
[EventRounds "9"]
[EventCountry "USA"]
[SourceTitle "EXT 1999"]
[Source "ChessBase"]
[SourceDate "1998.11.16"]
[SourceVersion "1"]
[SourceVersionDate "1998.11.16"]
[SourceQuality "1"]

1. e4 d6 2. d4 Nf6 3. Nc3 g6 4. Be2 Bg7 5. Nf3 0-0 6. 0-0 c6 7. h3 Nbd7 8. Bf4 Qa5 9. Qd2 e5 10. Be3 Re8 11. Rfe1 b5 12. a3 Qc7 13. Bf1 Bb7 14. Bh6 a6 15. Bxg7 Kxg7 16. Rad1 Rad8 17. Nh4 h6 18. Re3 Nf8 19. Rg3 Kh7 20. Rf3 Qe7 21. g3 Ne6 22. d5 Nd4 23. Rd3 cxd5 24. Nxd5 Nxd5 25. exd5 Bxd5 26. Bg2 Bxg2 27. Nxg2 Qb7 28. Ne1 Re6 29. f4 Qc6 30. Qf2 Rf8 31. Kh2 Rf6 32. Rc3 Qe4 33. Re3 Qf5 34. Red3 Re8 35. c3 Ne6 36. Rxd6 exf4 37. g4 Qe5 38. Nf3 Qe3 39. Qg2 Kg7 40. Re1 Qa7 41. Qd2 Ng5 42. Rd3 Rxe1 43. Qxe1 Re6 44. Qd2 Qe7 45. Nd4 Re3 46. Rxe3 fxe3 47. Qe2 Qe5+ 48. Kg2 Qe4+ 49. Kh2 Qf4+ 50. Kg2 Qe4+ 51. Kh2 f5 52. gxf5 Qe5+ 53. Kg2 Qe4+ 54. Kh2 Qe5+ 55. Kg2 Qe4+ 1/2-1/2

[Event "New York Marshall"]
[Site "New York"]
[Date "1993.??.??"]
[Round "?"]
[White "Waitzkin, Joshua"]
[Black "Krant, Roman"]
[Result "1-0"]
[WhiteElo "2345"]
[BlackElo "2305"]
[PlyCount "47"]
[EventDate "1993.??.??"]
[EventType "tourn"]
[EventRounds "9"]
[EventCountry "USA"]
[SourceTitle "EXT 1999"]
[Source "ChessBase"]
[SourceDate "1998.11.16"]
[SourceVersion "1"]
[SourceVersionDate "1998.11.16"]
[SourceQuality "1"]

1. e4 d6 2. d4 Nf6 3. Bd3 g6 4. Nf3 Bg7 5. c3 0-0 6. 0-0 Bg4 7. Nbd2 c5 8. h3 Bxf3 9. Nxf3 cxd4 10. cxd4 Nc6 11. Be3 e5 12. dxe5 dxe5 13. Qb3 b6 14. Rac1 Nd4 15. Nxd4 exd4 16. Bg5 h6 17. Bh4 g5 18. Bg3 Nd7 19. Bd6 Qf6 20. Bxf8 Bxf8 21. Qd5 Rd8 22. Rc6 Qe7 23. Rc7 Qe8 24. Bb5 1-0

[Event "New York Marshall"]
[Site "New York"]
[Date "1992.??.??"]
[Round "?"]
[White "Dzindzichashvili, Roman"]
[Black "Krant, Roman"]
[Result "1/2-1/2"]
[WhiteElo "2560"]
[BlackElo "2325"]
[PlyCount "69"]
[EventDate "1992.??.??"]
[EventType "tourn"]
[EventRounds "9"]
[EventCountry "USA"]
[SourceTitle "EXT 1999"]
[Source "ChessBase"]
[SourceDate "1998.11.16"]
[SourceVersion "1"]
[SourceVersionDate "1998.11.16"]
[SourceQuality "1"]

1. d4 Nf6 2. c4 c5 3. Nf3 cxd4 4. Nxd4 e6 5. g3 Qc7 6. Bg2 Bb4+ 7. Bd2 Qxc4 8. Nb3 Bxd2+ 9. N1xd2 Qc7 10. 0-0 d5 11. e4 0-0 12. Re1 Nc6 13. Rc1 Qd8 14. e5 Nd7 15. Nf3 f6 16. exf6 Nxf6 17. Nbd4 Nxd4 18. Nxd4 Qb6 19. Qd2 Bd7 20. Re2 Rfe8 21. Rce1 Rad8 22. h3 Qd6 23. Qg5 h6 24. Qe5 Qxe5 25. Rxe5 Kf7 26. Bf3 Rc8 27. h4 Rc4 28. Rd1 Rec8 29. Rd2 g6 30. Kg2 Ke7 31. b3 Kd6 32. Rxe6+ Bxe6 33. bxc4 Rxc4 34. Be2 Ra4 35. Nb5+ 1/2-1/2

[Event "New York Marshall CC"]
[Site "New York"]
[Date "1992.??.??"]
[Round "7"]
[White "Fedorowicz, John P"]
[Black "Krant, Roman"]
[Result "1-0"]
[WhiteElo "2560"]
[BlackElo "2325"]
[PlyCount "83"]
[EventDate "1992.??.??"]
[EventType "tourn"]
[EventRounds "13"]
[EventCountry "USA"]
[EventCategory "6"]
[SourceTitle "EXT 1997"]
[Source "ChessBase"]
[SourceDate "1996.11.15"]
[SourceVersion "1"]
[SourceVersionDate "1996.11.15"]
[SourceQuality "1"]

1. e4 d6 2. d4 Nf6 3. f3 e5 4. d5 Be7 5. Be3 Nh5 6. c4 Bg5 7. Bf2 g6 8. Nc3 f5 9. exf5 gxf5 10. g3 Qe7 11. Nh3 Bh6 12. Bg2 0-0 13. 0-0 Nf6 14. Re1 c5 15. Kh1 Na6 16. f4 e4 17. Bg1 Qf7 18. a3 Bd7 19. Qb3 b6 20. Nf2 Nc7 21. a4 Rab8 22. Nfd1 Bg7 23. Ne3 h5 24. Ne2 a6 25. Qc2 Qg6 26. Qd2 a5 27. h3 Na6 28. Bh2 Nb4 29. Rf1 Kh7 30. Ra3 Rg8 31. g4 hxg4 32. hxg4 Nd3 33. gxf5 Bxf5 34. Nxf5 Qxf5 35. Ng3 Qg6 36. f5 Qg4 37. Nxe4 Nxe4 38. Qxd3 Rbe8 39. Qh3+ Qxh3 40. Rxh3+ Bh6 41. Bxe4 Rxe4 42. Bf4 1-0

[Event "New York Marshall"]
[Site "New York"]
[Date "1992.??.??"]
[Round "?"]
[White "Krant, Roman"]
[Black "Shamkovich, Leonid Alexandrovic"]
[Result "0-1"]
[WhiteElo "2325"]
[BlackElo "2400"]
[PlyCount "56"]
[EventDate "1992.??.??"]
[EventType "tourn"]
[EventRounds "9"]
[EventCountry "USA"]
[SourceTitle "EXT 1999"]
[Source "ChessBase"]
[SourceDate "1998.11.16"]
[SourceVersion "1"]
[SourceVersionDate "1998.11.16"]
[SourceQuality "1"]

1. g3 d5 2. Nf3 c6 3. Bg2 Nf6 4. c4 dxc4 5. Na3 g6 6. Nxc4 Bg7 7. d3 0-0 8. 0-0 Nbd7 9. Bd2 Nd5 10. Rb1 b6 11. e4 Nc7 12. d4 Ba6 13. Rc1 c5 14. Be3 Rc8 15. Re1 cxd4 16. Bxd4 Ne6 17. Bxg7 Kxg7 18. Bf1 Bb7 19. Qe2 Ndc5 20. Red1 Qe8 21. e5 Qc6 22. Bg2 Rfd8 23. Qe3 Rxd1+ 24. Rxd1 Qa4 25. b3 Qxa2 26. Ncd2 Rd8 27. b4 Nb3 28. Qe1 Qc2 0-1

[Event "New York Marshall CC"]
[Site "New York"]
[Date "1992.??.??"]
[Round "5"]
[White "Sagalchik, Gennadij"]
[Black "Krant, Roman"]
[Result "1-0"]
[WhiteElo "2490"]
[BlackElo "2325"]
[PlyCount "97"]
[EventDate "1992.??.??"]
[EventType "tourn"]
[EventRounds "13"]
[EventCountry "USA"]
[EventCategory "6"]
[SourceTitle "EXT 1997"]
[Source "ChessBase"]
[SourceDate "1996.11.15"]
[SourceVersion "1"]
[SourceVersionDate "1996.11.15"]
[SourceQuality "1"]

1. d4 g6 2. c4 Bg7 3. e4 d6 4. Nc3 Nf6 5. Bd3 0-0 6. Nge2 Nc6 7. 0-0 e5 8. d5 Nd4 9. Nxd4 exd4 10. Nb5 Re8 11. Re1 a6 12. Nxd4 Nxd5 13. Nc2 Nb6 14. Ne3 Bd7 15. Bc2 Bc6 16. f3 Qd7 17. Rb1 Na4 18. Bxa4 Bxa4 19. b3 Bc6 20. Bb2 Bxb2 21. Rxb2 Qe7 22. b4 Qe5 23. Qc2 h5 24. b5 axb5 25. cxb5 Bxb5 26. Nd5 Bc4 27. f4 Qxb2 28. Ne7+ Rxe7 29. Qxb2 Rxa2 30. Qxb7 d5 31. Qb8+ Kg7 32. Qb4 Re6 33. Qc3+ Kg8 34. f5 Re8 35. fxg6 fxg6 36. exd5 Rxe1+ 37. Qxe1 Re2 38. Qa5 Re7 39. Qc5 Re4 40. Qxc7 Re1+ 41. Kf2 Re2+ 42. Kf3 Rc2 43. Ke3 Re2+ 44. Kd4 Bxd5 45. Kxd5 Rxg2 46. Ke4 Rf2 47. Qb6 Rg2 48. Kf3 Rg4 49. h3 1-0

[Event "New York Marshall CC"]
[Site "New York"]
[Date "1992.??.??"]
[Round "12"]
[White "Soltis, Andrew E"]
[Black "Krant, Roman"]
[Result "1/2-1/2"]
[WhiteElo "2420"]
[BlackElo "2325"]
[PlyCount "41"]
[EventDate "1992.??.??"]
[EventType "tourn"]
[EventRounds "13"]
[EventCountry "USA"]
[EventCategory "6"]
[SourceTitle "EXT 1997"]
[Source "ChessBase"]
[SourceDate "1996.11.15"]
[SourceVersion "1"]
[SourceVersionDate "1996.11.15"]
[SourceQuality "1"]

1. e4 d6 2. d4 Nf6 3. Nc3 g6 4. Bg5 c6 5. Qd2 b5 6. Bd3 Bg7 7. Bh6 0-0 8. Bxg7 Kxg7 9. Nf3 Bg4 10. Qg5 h6 11. Qf4 Bxf3 12. Qxf3 e5 13. dxe5 dxe5 14. a4 b4 15. Nd1 Nbd7 16. Ne3 Nc5 17. 0-0 Qe7 18. Rfe1 Rad8 19. Qg3 Kh7 20. Qh4 Kg7 21. Qg3 1/2-1/2